الفخري في الآداب السلطانية والدول الإسلامية
محفوظ في:
المؤلف الرئيسي:
مؤلفون آخرون:
التنسيق: كتاب
اللغة: Undetermined
منشور في:
Miṣr :
almatbaeat alrahmaniat bi-misr,
.
الوسوم: إضافة وسم
لا توجد وسوم, كن أول من يضع وسما على هذه التسجيلة!
رقم الطلب: DS38 .2 .I257
| LEADER | 00497nam a2200133Ia 4500 | ||
|---|---|---|---|
| 008 | 240329s9999||||xx |||||||||||||| ||und|| | ||
| 050 | 4 | |a DS38 .2 .I257 | |
| 100 | 1 | |a Ibn al-Taqtaqi, Muhammad bin Ali bin Tabataba. | |
| 245 | 1 | 0 | |a الفخري في الآداب السلطانية والدول الإسلامية |c Ibn al-Taqtaqi, Muhammad bin Ali bin Tabataba |
| 264 | 1 | |a Miṣr : |b almatbaeat alrahmaniat bi-misr, |c . | |
| 300 | |a 251 |c 25 | ||
| 700 | 1 | |a Mahmoud Tawfiq Al-Ketbi. | |
| 942 | |2 lcc |c BK | ||
| 999 | |c 57835 |d 57835 | ||
